000 00863nam2a2200229 4500
001 rc\2831950
005 20260315045154.0
035 _a(NLR Aleph) 006989885
090 _a13571973
_c13571973
100 _a20110626d1928 u y0rusy50 ca
101 0 _arus
102 _aRU
105 _ay z |||||
200 1 _aЛитой бетон и его применение в строительстве
210 _d1928
461 0 _1001rc\2831941
_12001#$aИнженерно-Промышленная библиотека$eБ. Серия 4 № III-$v№ 36
_95615968
_cМосква
_d1927
_nГос. техн. изд-во
_oБ. Серия 4 № III-
_tИнженерно-Промышленная библиотека
_v№ 36
700 1 _aГайе
_bИ.
801 0 _aRU
_bNLR
_gpsbo
801 1 _aRU
_bELAR
_2rusmarc
852 _aNLR
_j38.42.1.18
942 _cUNSPEC
980 _aNB